000 00345 a2200157 4500
001 153634
040 _cEscola São Tomás de Aquino
100 _aALBERGARIA , Lino de
240 1 0 _aCinco anos sem chover
_lpor
245 1 0 _aCinco anos sem chover
300 _a63
362 0 _a1999
440 1 _aFTD
697 _aCIÊNCIAS
942 _cBK
999 _c153634
_d153634